Bundesliga Trainer Saison 23/24 - Statistiken

Allgemein
  • Dieses Quiz wurde 207 mal gespielt
    60 seit der letzten Aktualisierung
  • Das Durchschnittsergebnis liegt bei 15 aus 25
Antwortstatistiken
Verein Trainer % Korrekt
FC Bayern München Thomas Tuchel
96%
Borussia Dortmund Edin Terzic
91%
RB Leipzig Marco Rose
91%
SC Freiburg Christian Streich
87%
Bayer 04 Leverkusen Xabi Alonso
87%
VfB Suttgart Sebastian Hoeneß
83%
Eintracht Frankfurt Dino Toppmöller
81%
1. FSV Mainz 05 (bis November 2023) Bo Svensson
77%
SV Werder Bremen Ole Werner
70%
1. FC Union Berlin (bis November 2023) Urs Fischer
70%
Borussia Mönchengladbach Gerardo Seoane
68%
VfL Wolfsburg (bis März 2024) Niko Kovac
68%
1. FC Heidenheim Frank Schmidt
66%
VfL Wolfsburg (ab März 2024) Ralph Hasenhüttl
66%
1. FC Köln (bis Dezember 2023) Steffen Baumgart
66%
TSG 1899 Hoffenheim Pellegrino Matarazzo
53%
VfL Bochum (bis April 2024) Thomas Letsch
45%
1. FC Union Berlin (ab November 2023) Nenad Bjelica
43%
SV Darmstadt 98 Torsten Lieberknecht
43%
1. FSV Mainz 05 (ab Februar 2024) Bo Henriksen
38%
FC Augsburg (bis Oktober 2023) Enrico Maaßen
38%
1. FC Köln (ab Januar 2024) Timo Schultz
34%
FC Augsburg (ab Oktober 2023) Jess Thorup
32%
VfL Bochum (ab April 2024) Heiko Butscher
26%
1. FSV Mainz 05 (November 2023 bis Februar 2024) Jan Siewert
23%
Keine übereinstimmenden Quizze gefunden
Verteilung der Resultate
Anzahl Personen mit jedem Resultat
Perzentil nach korrekt beantworteten Fragen
Ihre Resultats-Entwicklung
Sie haben dieses Quiz seit der letzten Aktualisierung nicht gespielt